Неравновесные плазмохимические процессы - основа будущих плазменных технологий; Известия Томского политехнического университета [Известия ТПУ]; Т. 311, № 2 : Математика и механика. Физика

Bibliografiske detaljer
Parent link:Известия Томского политехнического университета [Известия ТПУ]/ Томский политехнический университет (ТПУ).— , 2000-
Т. 311, № 2 : Математика и механика. Физика.— 2007.— [С. 75-79]
Andre forfattere: Власов В. А. Виктор Алексеевич, Пушкарёв А. И. Александр Иванович, Ремнев Г. Е. Геннадий Ефимович, Сазонов Р. В. Роман Владимирович, Сосновский С. А.
Summary:Заглавие с титульного листа
Электронная версия печатной публикации
Рассмотрены закономерности возбуждения молекул в основном электронном состоянии. Показано, что для инициирования химических реакций наиболее эффективно неравновесное возбуждение колебательных степеней свободы молекул. Протекающие в таких условиях плазмохимические процессы имеют ряд преимуществ, позволяющие при их использовании в традиционных производствах снизить энергозатраты и увеличить производительность. Условия, реализуемые при импульсном возбуждении газовых смесей, также благоприятны для организации цепных химических процессов. Представлены экспериментальные данные реализации цепных химических процессов в плазме импульсного электронного пучка. Рассмотрены другие перспективные плазменные технологии - импульсный радиолиз жидкофазных углеводородов при низкой температуре в условиях воздействия электронного пучка с высокой плотностью тока, инициирование процесса сажеобразования в неравновесных условиях.
Sprog:russisk
Udgivet: 2007
Serier:Математика и механика. Физика
Fag:
Online adgang:http://www.lib.tpu.ru/fulltext/v/Bulletin_TPU/2007/v311/i2/19.pdf
Format: MixedMaterials Electronisk Book Chapter
KOHA link:https://koha.lib.tpu.ru/cgi-bin/koha/opac-detail.pl?biblionumber=172442

MARC

LEADER 00000nla2a2200000 4500
001 172442
005 20240802110509.0
035 |a (RuTPU)RU\TPU\book\187007 
035 |a RU\TPU\book\187006 
090 |a 172442 
100 |a 20091214d2007 k y0rusy50 ca 
101 0 |a rus 
102 |a RU 
135 |a drnn ---uucaa 
181 0 |a i  
182 0 |a b 
200 1 |a Неравновесные плазмохимические процессы - основа будущих плазменных технологий  |f В. А. Власов [и др.] 
203 |a Текст  |c электронный 
215 |a 1 файл (134 Кб) 
225 1 |a Математика и механика. Физика 
300 |a Заглавие с титульного листа 
300 |a Электронная версия печатной публикации 
320 |a [Библиогр.: с. 79 (21 назв.)] 
330 |a Рассмотрены закономерности возбуждения молекул в основном электронном состоянии. Показано, что для инициирования химических реакций наиболее эффективно неравновесное возбуждение колебательных степеней свободы молекул. Протекающие в таких условиях плазмохимические процессы имеют ряд преимуществ, позволяющие при их использовании в традиционных производствах снизить энергозатраты и увеличить производительность. Условия, реализуемые при импульсном возбуждении газовых смесей, также благоприятны для организации цепных химических процессов. Представлены экспериментальные данные реализации цепных химических процессов в плазме импульсного электронного пучка. Рассмотрены другие перспективные плазменные технологии - импульсный радиолиз жидкофазных углеводородов при низкой температуре в условиях воздействия электронного пучка с высокой плотностью тока, инициирование процесса сажеобразования в неравновесных условиях. 
337 |a Adobe Reader 
461 1 |0 (RuTPU)RU\TPU\book\176237  |t Известия Томского политехнического университета [Известия ТПУ]  |f Томский политехнический университет (ТПУ)  |d 2000- 
463 1 |0 (RuTPU)RU\TPU\book\186973  |x 1684-8519  |t Т. 311, № 2 : Математика и механика. Физика  |v [С. 75-79]  |d 2007  |p 170 с. 
610 1 |a неравновесные плазмохимические процессы 
610 1 |a плазменные технологии 
610 1 |a закономерности 
610 1 |a молекулы 
610 1 |a электронные состояния 
610 1 |a химические реакции 
610 1 |a неравновесное возбуждение 
610 1 |a плазмохимические процессы 
610 1 |a традиционные производства 
610 1 |a энергозатраты 
610 1 |a производительность 
610 1 |a импульсное возбуждение 
610 1 |a газовые смеси 
610 1 |a цепные химические процессы 
610 1 |a экспериментальные данные 
610 1 |a плазма 
610 1 |a импульсные электронные пучки 
610 1 |a импульсный радиолиз 
610 1 |a жидкофазные углеводороды 
610 1 |a низкие температуры 
610 1 |a высокая плотность 
610 1 |a ток 
610 1 |a сажеобразование 
610 1 |a неравновесные условия 
610 1 |a труды учёных ТПУ 
610 1 |a электронный ресурс 
701 1 |a Власов  |b В. А.  |c российский ученый в области физики и химии плазмы, молекулярной физики  |c профессор Томского политехнического университета  |f 1958-  |g Виктор Алексеевич  |3 (RuTPU)RU\TPU\pers\26576  |4 070 
701 1 |a Пушкарёв  |b А. И.  |c физик  |c профессор Томского политехнического университета, доктор физико-математических наук  |c старший научный сотрудник НИИ ВН Томского политехнического университета  |f 1954-  |g Александр Иванович  |3 (RuTPU)RU\TPU\pers\26414  |4 070  |9 12118 
701 1 |a Ремнев  |b Г. Е.  |c российский физик  |c профессор Томского политехнического университета  |f 1948-  |g Геннадий Ефимович  |3 (RuTPU)RU\TPU\pers\22004  |4 070 
701 1 |a Сазонов  |b Р. В.  |c физик  |c старший научный сотрудник Томского политехнического университета, кандидат физико-математических наук  |f 1984-  |g Роман Владимирович  |3 (RuTPU)RU\TPU\pers\27101  |4 070  |9 12651 
701 1 |a Сосновский  |b С. А.  |4 070 
801 1 |a RU  |b 63413507  |c 20090623  |g PSBO 
801 2 |a RU  |b 63413507  |c 20211116  |g PSBO 
856 4 |u http://www.lib.tpu.ru/fulltext/v/Bulletin_TPU/2007/v311/i2/19.pdf 
942 |c CF